Zara Larsson - Hot & Sexy (Lyrics) - Statistics

General Stats
  • This quiz has been taken 22 times
  • The average score is 331 of 470
Answer Stats
Answer % Correct
a
100%
and
100%
be
100%
go
100%
(hot)
100%
hot
100%
I
100%
I,
100%
and
100%
and
100%
hot
100%
hot
100%
sexy
100%
(sexy)
100%
sexy
100%
(Beautiful)
95%
girl
95%
girl,
95%
girl?
95%
Beautiful
95%
Beautiful
95%
My
95%
my
95%
the
95%
(fly)
89%
Got
89%
got
89%
fly
89%
me
89%
Me
89%
all
84%
bad
84%
I'm
84%
in
84%
on
84%
So
84%
to
84%
day
79%
girls
79%
her
79%
her,
79%
left
79%
next
79%
night
79%
of
79%
right
79%
Right
79%
that
79%
boy
74%
boys
74%
here
74%
passenger
74%
She
74%
back
68%
for
68%
lemonade
68%
number
68%
plate
68%
side
68%
sitting
68%
sour
68%
these
68%
we
68%
Escalade
63%
every
63%
just
63%
Oh,
63%
PUSSPUSS97
63%
them
63%
They
63%
wear
63%
are
58%
camera
58%
camera-ra
58%
'cause
58%
event
58%
get
58%
Get
58%
It
58%
it
58%
like
58%
Pictu-pictu-picture
58%
picture
58%
ride
58%
take
58%
we're
58%
Yeah,
58%
yeah
58%
Can
53%
can
53%
car
53%
come
53%
Do
53%
eating
53%
E-everywhere
53%
good
53%
junk
53%
main
53%
party
53%
somebody
53%
their
53%
time
53%
touch
53%
wanna
53%
Wanna
53%
could
47%
drunk
47%
eyes
47%
gon'
47%
late
47%
long
47%
out
47%
still
47%
us
47%
want
47%
what
47%
as
42%
blows
42%
dinner
42%
fuckhead
42%
glitter
42%
high
42%
it's
42%
lookin'
42%
mind
42%
outside
42%
Scared
42%
should,
42%
tryna
42%
But
37%
but
37%
by
37%
Crime
37%
figures
37%
how
37%
Let
37%
let
37%
live
37%
live?
37%
November
37%
old
37%
slide
37%
summertime
37%
Tale
37%
womankind
37%
you
37%
Ah,
32%
ain't
32%
designer
32%
feeling
32%
our
32%
told
32%
Watching
32%
change
26%
done
26%
getting
26%
Getting
26%
give
26%
insane
26%
Must
26%
need
26%
prey
26%
say
26%
oh-oh
21%
raised
21%
There's
21%
Uh,
21%
woah
21%
Tuh-tuh-tuh
16%
dropping
11%
up
11%
No matching quizzes found
Score Distribution
Percent of People with Each Score
Percentile by Number Answered
Your Score History
You have not taken this quiz